Southville International School and Colleges
Your cart is empty.
  • Cart
  • Lists
    Public lists Eva Luna New books Lux_list list_1
    Your lists Log in to create your own lists
  • Log in to your account
  • Your cookies
  • Search history
Southville International School and Colleges
  • Advanced search
  • Recent comments
  • Most popular
  • Libraries

Log in to your account

Log in with GOOGLE


If you do not have an external account, but do have a local account, you can still log in:

  1. Home
  2. MARC view: The Tao of research :
Normal view MARC view ISBD view

The Tao of research : (Record no. 24888)

[ view plain ]
MARC details
000 -LEADER
fixed length control field 00539nam a2200181 a 4500
005 - DATE AND TIME OF LATEST TRANSACTION
control field 20140310183547.0
008 - FIXED-LENGTH DATA ELEMENTS--GENERAL INFORMATION
fixed length control field 110928s19uu xx 00 eng d
020 ## - INTERNATIONAL STANDARD BOOK NUMBER
International Standard Book Number 9781412964685
050 ## - LIBRARY OF CONGRESS CALL NUMBER
Classification number Q 180.55.M4
Item number .K445 2010
100 ## - MAIN ENTRY--PERSONAL NAME
Personal name Keller, Dana K.
245 ## - TITLE STATEMENT
Title The Tao of research :
Remainder of title a path to validity /
Statement of responsibility, etc Dana K. Keller.
260 ## - PUBLICATION, DISTRIBUTION, ETC. (IMPRINT)
Place of publication, distribution, etc Los Angeles :
Name of publisher, distributor, etc Sage,
Date of publication, distribution, etc 2010.
300 ## - PHYSICAL DESCRIPTION
Extent 142 p. :
Other physical details ill. ;
Dimensions 22 cm.
650 ## - SUBJECT ADDED ENTRY--TOPICAL TERM
Topical term or geographic name as entry element Reasearch -
General subdivision Methodology.
700 ## - ADDED ENTRY--PERSONAL NAME
Personal name Casadevall-Keller, Mary Lou
942 ## - ADDED ENTRY ELEMENTS (KOHA)
Koha item type Books
Source of classification or shelving scheme Library of Congress Classification
Call number prefix Foreign
Holdings
Withdrawn status Lost status Source of classification or shelving scheme Damaged status Home library Current library Shelving location Date acquired Total Checkouts Full call number Barcode Date last seen Copy number Price effective from Koha item type
    Library of Congress Classification   College Library College Library General Circulation Section 09/28/2011   Q 180.55.M4 .K445 2010 C13626 05/15/2018 1 10/18/2013 Books

The Tao of research :

APA

Keller D. K., Casadevall-Keller M. L., . (2010). The Tao of research. Los Angeles: Sage.

Chicago

Keller Dana K, Casadevall-Keller Mary Lou, . 2010. The Tao of research. Los Angeles: Sage.

Harvard

Keller D. K., Casadevall-Keller M. L., . (2010). The Tao of research. Los Angeles: Sage.

MLA

Keller Dana K, Casadevall-Keller Mary Lou, . The Tao of research. Los Angeles: Sage. 2010.

  • Place hold
  • Print
  • Cite
  • Add to your cart (remove)
  • Save record
    BIBTEX Dublin Core MARCXML MARC (non-Unicode/MARC-8) MARC (Unicode/UTF-8) MARC (Unicode/UTF-8, Standard) MODS (XML) RIS
  • More searches
    Search for this title in:
    Other Libraries (WorldCat) Other Databases (Google Scholar) Online Stores (Bookfinder.com) Open Library (openlibrary.org)

Exporting to Dublin Core...

SOUTHVILLE LIBRARY

Southville International School and Colleges Library

1281 Tropical Ave. Cor. Luxembourg St., BF Homes International, Las Pinas City

Tel. No. 8256374 / 252358 Loc. 117/146

Powered by Koha